Responses for Show #7863 - Wednesday, November 14, 2018

2018 Teen Tournament semifinal game 1.

Contestants

[<< previous game]

Claire Sattler, a senior from Bonita Springs, Florida

Autumn Shelton, a junior from Lamar, Missouri

Tim Cho, a senior from Champaign, Illinois

[next game >>]

Jeopardy! Round responses

THE DEEP SOUTH
ME WANT COOKIE!
MEDIEVAL TIMES
ALLITERATION
SIBLING
RIVALRY
    $200 13
Jackson

Autumn
    $200 29
Pepperidge Farm

Tim
    $200 8
a moat

Tim
    $200 30
Little League

Autumn
    $200 16
fraternal

Claire
    $200 19
Anakin Skywalker

Claire
    $400 12
the Freedom Riders

Tim
    $400 28
Newtons

Claire
    $400 7
archery

Tim
    $400 26
happy holidays

Autumn
    $400 17
Norwegian

Tim
    $400 1
The Big Bang Theory

Tim
    $600 11
South Carolina

Tim
    $600 27
Oreos

Autumn
    $1,000 2
Muhammad

Tim
    $600 4
a sweet sixteen

Claire
    $600 25
(Alex: Less than a minute now.)

brother from another mother

Claire
    $600 20
the Yankees

Tim
    $800 10
a bayou

Autumn
    $800 15
(Claire: What is Ringling?)

(P.T.) Barnum

AutumnClaire
    $800 3
saints

Claire
    $800 5
vice versa

Tim
    $800 24
(Autumn: What are nuns? Or [*]?)

nunnery (or convent)

Autumn
    $800 21
Jack Sparrow

Claire
    $1000 9
Vulcan

Claire
    $1000 14
Chips Ahoy!

Tim
    $1000 6
Gregorian chants

Tim
    $1000 18
private practice

Triple Stumper
    $1000 23
the middle child

Claire
    $1000 22
(Claire: Who is Watson?)

Moriarty

Claire
Triple Stumper

Scores at the first commercial break (after clue 15):

Tim Autumn Claire
$5,800 $1,800 $1,600

Scores at the end of the Jeopardy! Round:

Tim Autumn Claire
$7,000 $3,800 $3,800

Double Jeopardy! Round responses

YOUNG PEOPLE IN BOOKS
UNDERSTANDING MONEY
BODIES OF WATER
ON VINYL
NOTABLE AFRICAN AMERICANS
"CHAIN" REACTION
    $400 7
Rapunzel

Claire
    $400 28
a budget

Claire
    $400 23
the Amazon

Tim
    $400 12
turntables

Claire
    $400 16
Martin Luther King Jr.

Claire
    $400 13
a chain gang

Tim
    $800 4
Percy Jackson

Tim
    $800 24
(Tim: What's the real?)

the peso

Tim
Triple Stumper
    $800 30
the Caribbean Sea

Autumn
    $800 11
rotation per minute (or revolutions per minute)

Claire
    $800 15
a pilot

Tim
    $800 17
a food chain

Tim
    $1200 3
Kingdom Keepers

Triple Stumper
    $1200 26
(Alex: Less than a minute now.)

credit score

Autumn
    $1,000 20
Gibraltar

Claire
    $1200 10
Run the Jewels

Triple Stumper
    $1200 14
(Tim: What is golf?)
(Autumn: What is baseball?)
...
(Alex: He was the [*] champion of the world.)

heavyweight boxing

TimAutumn
Triple Stumper
    $1200 21
chainmail

Claire
    $1600 1
[Autumn selected the first clue.]

snogging

Claire
    $1,600 27
Wells Fargo

Autumn
    $1600 18
the Bay of Bengal

Tim
    $1600 9
jukebox

Claire
    $1600 5
(Colin) Powell

Tim
    $1600 22
a chainsaw

Autumn
    $2000 2
The Road

Autumn
    $2000 29
capital gains

Triple Stumper
    $2000 19
the English Channel

Claire
    $2000 8
Twenty One Pilots

Claire
    $2000 6
(Claire: Who is W.E.B. du Bois?)

(Booker T.) Washington

AutumnClaire
    $2000 25
chain of command

Tim

Scores at the end of the Double Jeopardy! Round:

Tim Autumn Claire
$13,400 $11,800 $13,600

[wagering suggestions for these scores]

Final Jeopardy! Round responses

19th CENTURY NAMES
AutumnWho is Charles Darwin
$11,399
TimWho is Charles Darwin?
$13,400
ClaireWho is Darwin?
$13,201
Charles Darwin

Final scores:

Tim Autumn Claire
$26,800 $23,199 $26,801
2nd place: $10,000 3rd place: $10,000 Finalist

Game dynamics:

Coryat scores:

Tim Autumn Claire
$13,000 $11,800 $13,800
20 R
(including 1 DD),
2 W
13 R
(including 1 DD),
1 W
20 R
(including 1 DD),
3 W

Combined Coryat: $38,600

[game clues] [game scores] [suggest correction]

Game tape date: 2018-08-29
The J! Archive is created by fans, for fans. Scraping, republication, monetization, and malicious use prohibited; this site may use cookies and collect identifying information. See terms. The Jeopardy! game show and all elements thereof, including but not limited to copyright and trademark thereto, are the property of Jeopardy Productions, Inc. and are protected under law. This website is not affiliated with, sponsored by, or operated by Jeopardy Productions, Inc. Join the discussion at JBoard.tv.